000 01394nam a2200337 a 4500
001 vtls001466249
003 NLI
005 20210627125700.0
008 121201s1980 dcu f000 0 eng
039 9 _y201212011834
_zVLOAD
040 _aNLI
_beng
_cDatasoft_FOD
_eAACR2
041 0 _aeng
044 _a dcu
082 0 4 _a 363.7394620973
110 1 _aUnited States.
_bEnvironmental Protection Agency
_9677622
245 1 0 _aAmbient water quality criteria for end soul far /
_cUnited States Environmental Protection Agency
260 _aWashington, D.C. :
_bEnvironmental Protection Agency,
_c1980
300 _aVarious pagings ;
_c28 cm.
650 0 _aWater
_xPollution
_zUnited States
_9710085
650 0 _aWater quality
_xStandards
_zUnited States
_9709746
650 0 _aWater
_xDissolved oxygen
_zUnited States
710 1 _aUnited States.
_bEnvironmental Protection Agency.
_bRegion III.
_bChesapeake Bay Program Office
_9712022
710 1 _aUnited States.
_bEnvironmental Protection Agency.
_bRegion III.
_bWater Protection Division
_9712023
710 1 _aUnited States.
_bEnvironmental Protection Agency.
_bOffice of Water
_9710086
710 1 _aUnited States.
_bEnvironmental Protection Agency.
_bOffice of Science and Technology
_9712024
887 _a
901 _aAD 79814
_b10.08.2010
902 _aU.S 363.7394620973 Un 3
904 _lC 4723
999 _aVIRTUA40
_c915569
_d915569
942 _2ddc
_cBKS